00259nam a2200109Ia 4500008004100000041000800041082001200049100001700061245003200078260003100110300000800141230511s2014 xx 000 0 und d aeng a343.057 aDivekar G M  aThe Maharashtra Stamp Act  aPunebHind Law Housec2014 a623